Arroz: análisis técnico y económico

Gorde:
Xehetasun bibliografikoak
Egile nagusia: Parodi Pinedo, Patricio Carlos (autor)
Formatua: Liburua
Hizkuntza:gaztelania
Argitaratua: Santiago Centro de Estudios del Desarrollo 1984
Saila:Materiales para la discusión, 37
Gaiak:
Etiketak: Etiketa erantsi
Etiketarik gabe, Izan zaitez lehena erregistro honi etiketa jartzen!

MARC

LEADER 00000nam a2200000 a 4500
001 UCR9078
003 CL-VaPUC
008 980613e19840000CL |||||||||||||||||spa|d
082 0 4 |a 633.18  |b PAR  |2 21 
100 |a Parodi Pinedo, Patricio Carlos  |e autor  |9 461551 
245 1 0 |a Arroz: análisis técnico y económico 
300 |a 114 p 
942 |c BK 
945 |d 19980613 00:00:00  |a aalvarez 
260 |a Santiago  |b Centro de Estudios del Desarrollo  |c 1984 
650 0 |a Arroz   |9 364842 
650 0 |a Cosechas  |9 259907 
650 0 |a Cereales  |9 264300 
650 0 |a Producción   |9 263680 
650 7 |a RIEGO AGRICOLA  |2 CL-VaPUC  |9 395971 
650 0 |a Comercialización   |9 259326 
650 0 |a Análisis económico  |9 259939 
650 0 |a Cultivo  |9 264268 
583 |a last modification  |c 19980613 00:00:00  |k Rodrigo Vera 
490 0 |a Materiales para la discusión, 37 
999 |c 270321  |d 270319